[Event "Vojvodina-ch 7th"]
[Site "Novi Sad"]
[Date "2016.07.17"]
[Round "5"]
[White "Mladenovic, Aleksandar D"]
[Black "Lundin, Jan"]
[Result "0-1"]
[WhiteElo "2068"]
[BlackElo "2237"]
[PlyCount "58"]
[EventDate "2016.07.15"]
[EventType "swiss"]
[EventRounds "9"]
[EventCountry "YUG"]
[SourceTitle "CBM 173 Extra"]
[Source "ChessBase"]
[SourceDate "2016.08.29"]
[SourceVersion "1"]
[SourceVersionDate "2016.08.29"]
[SourceQuality "1"]

1. d4 d5 2. c4 dxc4 3. Nc3 e5 4. d5 a6 5. a4 Nf6 6. e4 Nbd7 7. Bxc4 Bd6 8. Nf3 Nf8 9. h3 Ng6 10. 0-0 0-0 11. Be3 Qe7 12. Qc2 h6 13. Rab1 Nh5 14. Ne2 Qf6 15. Kh2 Nhf4 16. Qd2 Nxh3 17. gxh3 Qxf3 18. Ng3 Nf4 19. Bxf4 exf4 20. Nf5 Bxf5 21. exf5 Qe4 22. f3 Qxc4 23. f6 g6 24. b3 Qb4 25. Qd3 Be5 26. Rg1 Bxf6 27. Rbc1 Qd6 28. Rg2 Rfe8 29. Rcg1 Bg7 0-1

[Event "Vojvodina-ch 6th"]
[Site "Novi Sad"]
[Date "2015.07.26"]
[Round "3"]
[White "Elez, Nikola"]
[Black "Mladenovic, Aleksandar D"]
[Result "1/2-1/2"]
[WhiteElo "2222"]
[BlackElo "1989"]
[PlyCount "157"]
[EventDate "2015.07.25"]
[EventType "swiss"]
[EventRounds "9"]
[EventCountry "YUG"]
[SourceTitle "CBM 167 Extra"]
[Source "ChessBase"]
[SourceDate "2015.09.14"]
[SourceVersion "1"]
[SourceVersionDate "2015.09.14"]
[SourceQuality "1"]

1. e4 d6 2. Nc3 Nf6 3. f4 Nbd7 4. Nf3 e5 5. d4 Qe7 6. Bc4 h6 7. 0-0 g6 8. Bb3 c6 9. fxe5 dxe5 10. Nxe5 Nxe5 11. dxe5 Qxe5 12. Qf3 Bg7 13. Bf4 Qe7 14. h3 Nh5 15. Bh2 Be6 16. Rad1 Bxb3 17. axb3 Qe6 18. g4 Nf6 19. Rd6 Qe7 20. Rxf6 Bxf6 21. Qxf6 Qxf6 22. Rxf6 Ke7 23. Rd6 f6 24. Kf2 Rad8 25. Rxd8 Rxd8 26. Bf4 Ke6 27. Ke3 Rd7 28. Bg3 Rd8 29. Be1 f5 30. gxf5+ gxf5 31. Bf2 b6 32. h4 fxe4 33. Nxe4 Kf5 34. Kf3 h5 35. Be3 c5 36. Bf4 Rd1 37. Nd6+ Ke6 38. Nb5 Kf5 39. Bg5 Rb1 40. Ke3 Rxb2 41. Kd3 Ra2 42. Nd6+ Ke6 43. Ne4 Kf5 44. Nd6+ Ke6 45. Ne8 Kf7 46. Nf6 Kg6 47. Nd5 Kf5 48. Ne3+ Ke5 49. Bh6 Kf6 50. Nd5+ Kg6 51. Bd2 Kf5 52. Bc3 b5 53. Nc7 c4+ 54. bxc4 bxc4+ 55. Kd2 Ra3 56. Nb5 Ra6 57. Bd4 Kg4 58. Bf2 Ra5 59. Nxa7 Kf3 60. Bb6 Ra6 61. Bd4 Kg4 62. Bf2 Kf3 63. Bd4 Kg4 64. Bf2 Kf3 65. Bd4 Kg4 66. Kc3 Kxh4 67. Kxc4 Ra4+ 68. Kd3 Ra3+ 69. Ke4 Kg3 70. c4 h4 71. Nb5 Ra8 72. Be5+ Kg2 73. Nc7 Ra4 74. Kd5 h3 75. c5 Ra5 76. Ne6 h2 77. Bxh2 Kxh2 78. Kd6 Rxc5 79. Nxc5 1/2-1/2

[Event "Belgrade-ch"]
[Site "Belgrade"]
[Date "2014.01.23"]
[Round "1"]
[White "Radovanovic, Dusan"]
[Black "Mladenovic, Aleksandar D"]
[Result "1-0"]
[WhiteElo "2379"]
[BlackElo "1946"]
[PlyCount "31"]
[EventDate "2014.01.23"]
[EventType "swiss"]
[EventRounds "9"]
[EventCountry "SRB"]
[SourceTitle "CBM 158 Extra"]
[Source "ChessBase"]
[SourceDate "2014.02.28"]
[SourceVersion "1"]
[SourceVersionDate "2014.02.28"]
[SourceQuality "1"]

1. d4 Nf6 2. Bg5 Ne4 3. Bf4 c5 4. f3 Qa5+ 5. c3 Nf6 6. d5 d6 7. e4 g6 8. Na3 Bg7 9. Nc4 Qc7 10. a4 0-0 11. Qd2 Re8 12. Ne2 a6 13. Ng3 Nbd7 14. Be2 Rb8 15. 0-0 Nf8 16. e5 1-0

[Event "Nis Svetosavski op"]
[Site "Nis"]
[Date "2011.01.23"]
[Round "4"]
[White "Novcic, Tomislav"]
[Black "Mladenovic, Aleksandar D"]
[Result "1/2-1/2"]
[WhiteElo "2016"]
[BlackElo "1889"]
[PlyCount "53"]
[EventDate "2011.01.21"]
[EventType "swiss"]
[EventRounds "5"]
[EventCountry "SRB"]
[SourceTitle "CBM 140 Extra"]
[Source "ChessBase"]
[SourceDate "2011.03.01"]
[SourceVersion "1"]
[SourceVersionDate "2011.03.01"]
[SourceQuality "1"]

1. d4 d5 2. c4 Nc6 3. e3 Nf6 4. Nc3 e6 5. a3 Be7 6. Nf3 0-0 7. Be2 h6 8. 0-0 Nh7 9. b4 Bf6 10. cxd5 exd5 11. Qb3 Be6 12. Bb2 Ne7 13. Bd3 Ng5 14. Nxg5 Bxg5 15. Rac1 c6 16. Ne2 Bg4 17. Qc2 Qd6 18. Rce1 f5 19. Bc1 Rae8 20. f4 Bh4 21. Rd1 Qg6 22. Kh1 Nc8 23. g3 Bd8 24. Rde1 Nd6 25. Ng1 Qh5 26. Qg2 Qf7 27. h3 1/2-1/2